| 000 | 00745nam a2200241 4500 | ||
|---|---|---|---|
| 003 | OSt | ||
| 005 | 20240718061503.0 | ||
| 006 | a | ||
| 008 | 240718b |||||||| |||| 00| 0 eng d | ||
| 020 | _a1845410033 | ||
| 040 |
_aDWCL-Main lib. _cOC |
||
| 082 | _aCirc. 363.738741 T727 2005 | ||
| 245 | _aTourism, recreation and climate change / | ||
| 260 |
_aUK: _bChannel View Pub., _cc2005. |
||
| 300 |
_axii, _b309 p. : ill. ; _c24 cm. |
||
| 504 | _aIncludes bibliographical references & index. | ||
| 650 | _a1. Tourism-Environmental aspects. | ||
| 650 | _a2. Outdoor-Environmental aspects. | ||
| 650 | _a3. Climatic changes-Environmental aspects. | ||
| 700 | _aMichael Hall | ||
| 700 | _aJames Higham | ||
| 942 |
_2ddc _n0 _cBK-CIRC _kCirc. |
||
| 999 |
_c2370 _d2370 |
||